| 000 | 01697cgm a22004097a 4500 | ||
|---|---|---|---|
| 007 | vd cgaizm | ||
| 008 | 140216t2013 xxk90 e |||| 0| vleng d | ||
| 020 | _a5055201822826 | ||
| 082 | 0 | 4 |
_222 _a791.4372 _bBEA |
| 245 | 0 | 0 |
_aBeasts of the southern wild _h[vdeorecording] / _cEntertainment One, Cinereach and Court 13 production, Journeyman Pictures ; produced by Dan Janvey & Josh Penn ; screenplay by Lucy Alibar & Benh Zeitlin ; directed by Benh Zeitlin. |
| 260 |
_a[London] : _bStudio Canal Limited, _cc.2013. |
||
| 300 |
_a1 videodisc (90 min.) : _bsd., col. ; _c4 3/4 in. |
||
| 500 | _aBased on the stage play 'Juicy and delicious written by Lucy Alibar. | ||
| 508 | _aDirector of photography Ben Richardson ; edited by Crockett Doob, Alfonso Gonçalves ; music by Dan Romer & Benh Zeitlin. | ||
| 511 | _aQuvenzhané Wallis, Dwight Henry. | ||
| 521 | _aSuitable only for persons of 12 years and over. | ||
| 650 | 0 |
_935228 _aFantasy drama |
|
| 650 | 0 |
_935227 _aFloods _vDrama |
|
| 650 | 0 |
_935226 _aChildren _vDrama |
|
| 653 |
_bGGEN _cFebruary2014 |
||
| 700 | 1 |
_935229 _aHenry, Dwight |
|
| 700 | 1 |
_935230 _aWallis, QuvenzhaneÌ, _d2003- |
|
| 700 | 1 |
_935231 _a Zeitlin, Benh |
|
| 700 | 1 |
_935232 _aRomer, Dan |
|
| 700 | 1 |
_935233 _aGonçalves, Alfonso |
|
| 700 | 1 |
_935234 _aDoob, Crockett |
|
| 700 | 1 |
_935235 _aRichardson, Ben |
|
| 700 | 1 |
_935231 _a Zeitlin, Benh |
|
| 700 | 1 |
_935236 _aAlibar, Lucy |
|
| 700 | 1 |
_935237 _aPenn, Josh |
|
| 700 | 1 |
_935238 _aJanvey, Dan |
|
| 710 | 2 |
_935239 _a Journeyman Pictures (Firm) |
|
| 710 | 2 |
_935240 _aCinereach (Firm) |
|
| 710 | 2 |
_aCourt 13 production _935242 |
|
| 710 | 2 |
_935241 _aEntertainment One (Firm) |
|
| 942 |
_2ddc _cDVD _k791.4372 BEA |
||
| 999 |
_c18068 _d18040 |
||